000 00468nam a2200181Ia 4500
001 23327
005 20260414150929.0
008 260414t2013||||xx |||||||||||||| ||spa||
041 _aESP
082 _a629.8
_bG15
100 _aGallardo Vásquez, Sergio
_eAUT
245 0 _aTécnicas y procesos en instalaciones domóticas y automáticas
_b
260 _c2013
300 _a255 páginas :
_c27 cm.
650 _aCNM
654 _aCCN
942 _cLIB
_dJUS
_fJUS
_2ddc
_n
999 _c23327
_d23327